000 00976nac a22003011u 4500
008 120329t xxu||||| |||| 00| 0 eng d
010 _a 2006928620
020 _a3540361219
020 _a9783540361213
022 _a1860949* :
022 _a18609503 :
082 _a006.32
_bCHE
245 1 0 _aTrends in Neural Computation /
_cKe Chen , Lipo Wang [eds]
260 _aBerlin :
_bSpringer,
_c2007.
300 _ax,512 p.
_bill. ;
_c24 cm.
490 _929495
_aStudies in Computational Intelligence ;
_n35
500 _aInternational conference proceedings.
500 _a Distributer: Bacca
504 _aIncludes bibliographical references.
511 _aCatalogued by: Sara
650 _aNeural computation
_929497
650 _aNeural networks (Computer science)-- Congresses.
_929499
653 _bCS
650 _929498
_aArtificial intelligence
_vCongresses
700 _aWang, Lipo
_929500
700 _aChen, Ke
_929496
942 _cBB
_k006.32 CHE
_2ddc
999 _c8752
_d8752